[Event "FIDE Grand Swiss"]
[Site "?"]
[Date "2023.10.27"]
[Round "3"]
[White "Gledura, Benjamin"]
[Black "Rodrigue-Lemieux, Shawn"]
[Result "0-1"]
[WhiteElo "2633"]
[BlackElo "2488"]
[Annotator "Shawn Rodrigue-Lemieux"]
[PlyCount "68"]
[EventDate "2023.??.??"]
[SourceTitle "Chess Canada '24.08"]
[Source "CFC/John Upper"]
[SourceDate "2024.08.27"]
[SourceVersion "1"]
[SourceVersionDate "2024.08.21"]
[SourceQuality "1"]

{[%mdl 32768] After starting off with 0.5/2 against an average opposition of
2640, I wanted to be solid and avoid another loss. I was quite happy to play
against a rather positional opponent who wouldn't try to checkmate me!} 1. d4
Nf6 2. c4 e6 3. Nf3 d5 4. g3 Be7 5. Bg2 O-O 6. Nc3 dxc4 7. Ne5 Nc6 {[#] An
extremely solid line, where Black has very little winning chances. With my
tournament situation, I was more than happy to play this way.} 8. Bxc6 bxc6 9.
Nxc6 Qe8 10. Nxe7+ Qxe7 11. Qa4 c5 12. dxc5 (12. Qa3 $4 {loses to} Qb7 $1)
12... Qxc5 13. Be3 Qc7 14. f3 {[#]} a5 ({I had previously played the inaccurate
} 14... e5 {which gives White too many important squares, such as d5.} 15.
O-O-O Be6 16. Qa6 $1 e4 $5 17. Bf4 (17. fxe4 $142) 17... Qc5 $14 {and Black
held the endgame in Meskovs,N (2573)-Rodrigue Lemieux,S (2469) Montreal, 2023.}
) 15. O-O-O {White's plan is simple: to blockade the queenside and slowly
build an attack on the kingside with g4 and h4.} Rb8 16. Rd2 Rb4 17. Qc2 Re8
18. Rhd1 {[#] The main problem in this variation is that Black has virtually
nothing to do. Patience is key, because any active plan would most likely
backfire due to White's active pieces and lack of weaknesses.} h6 ({Attempting
to simplify the position with} 18... Nd5 {fails to} 19. Nxd5 exd5 20. Rxd5 Rxe3
21. Rd8+) 19. Kb1 Bd7 20. Ka1 Nd5 21. Bd4 (21. Nxd5 exd5 22. Rxd5 $2 {fails to}
Ba4 23. b3 Rxe3) 21... Nxc3 22. Qxc3 e5 {[#]} 23. Be3 (23. Bxe5 Qxe5 24. Rxd7
Qxe2 {is perfectly fine for Black.}) 23... Ba4 (23... Be6 {gives Black a very
stable position with a lot of activity.}) 24. Rc1 Qc6 25. f4 Qe4 26. Bc5 Rb7
27. fxe5 Rxe5 28. Bd4 Rd5 29. Qxc4 {[#] I was quite unhappy here, since I lost
a pawn for no reason. I knew that my position should still be totally fine
objectively, but I expected to have a tough defensive task ahead of me. 
editor - This comment is another good example of the difference between a
human GM and a strong computer: the human sees it is drawable but difficult,
while Stockfish doesn't work harder at attacking or defending, and rates it 0.
00.} Rb4 30. Qc8+ Kh7 31. e3 f6 32. Qc7 Bd7 33. Qf4 $6 {Placing the Queen on
an awkward square.} ({I expected} 33. Qc2 {forcing a Queen trade, after which
Black should still be fine but White gets long-term winning chances.} Qxc2 34.
Rcxc2 a4) 33... Qe6 {[#] Despite being down a pawn, I started feeling that I
could get some chances. The White Queen is severely misplaced, and White's
King starts feeling unsafe, especially with ...Be8-f7 on the horizon. b3 will
always be met with a4.} 34. Rc7 $4 {As I wrote down this move, I noticed that
his idea was to meet ...Be8 with Bxf6. And as I looked at the board, I
realized that there was something wrong with White's position... and I
couldn't believe it!} Rf5 $1 {And White simply has no moves due to the
backrank problems.   I was happy to learn that even such strong grandmasters
can make horrific blunders!} 0-1

[Event "FIDE Grand Swiss"]
[Site "?"]
[Date "2023.10.29"]
[Round "5"]
[White "Ivanchuk, Vasyl"]
[Black "Rodrigue-Lemieux, Shawn"]
[Result "0-1"]
[WhiteElo "2653"]
[BlackElo "2488"]
[Annotator "Shawn Rodrigue-Lemieux"]
[PlyCount "122"]
[EventDate "2023.??.??"]
[SourceTitle "Chess Canada '24.08"]
[Source "CFC/John Upper"]
[SourceDate "2024.08.27"]
[SourceVersion "1"]
[SourceVersionDate "2024.08.21"]
[SourceQuality "1"]

{I was extremely happy with this pairing! Playing an absolute legend of the
game was a dream come true for me, and I was extremely motivated to face him.} 
1. d4 Nf6 2. c4 e6 3. Nf3 d5 4. Nc3 Bb4 5. e3 O-O 6. a3 Bxc3+ 7. bxc3 c5 8. Bb2
Nc6 9. Be2 {[#] Ivanchuk had already played this position earlier in the
tournament, so I was luckily familiar with it.} Na5 {Forcing White to make a
decision in the center.} (9... dxc4 {was the move chosen by Ivanchuk's
opponent earlier in the tournament.} 10. Bxc4 b6 11. Bd3 $14 {Ivanchuk,V (2653)
-Mareco,S (2606) Douglas, 2023.}) 10. cxd5 {[#]} Qb6 $1 {A nice intermediate
move, asking White a difficult question.} (10... exd5 {is also playable, but
it allows} 11. dxc5) 11. Qc2 exd5 12. dxc5 Qxc5 13. Nd4 {[#] Black's position
already seems quite pleasant. Despite having the Bishop pair, White lacks
activity and ideas. Meanwhile, Black's Knights are ready to jump to e4 and c4.}
Nc4 14. O-O Bd7 15. a4 Rfe8 16. Bxc4 {[#] I now had a difficult decision to
make.} dxc4 {I thought this move would give me more winning chances, and I was
ready for a fight in this game.} (16... Qxc4 {is also totally fine, and I felt
that it was the safer option. However, I also thought it might give White a
bit more stability.}) 17. Ba3 Qc7 18. Rfd1 ({editor -} 18. Rfb1 $6 Ng4 19. g3
$8 (19. Nf3 $2 Bc6 $19) (19. h3 $2 Qh2+ 20. Kf1 Rxe3 $1 $19) 19... Rad8 {
or ...Bc6 and Black is clearly better.}) 18... Ng4 $6 {Not such a bad move,
but a bit unnecessary.} ({It was better to start with} 18... Rad8 {activating
my last piece.}) 19. Nf3 Bc6 20. Bd6 {For some reason I completely
underestimated this move. White's Bishop is powerful on d6.} Qa5 21. Nd4 Be4 {
[#]} 22. Qe2 ({White can create problems with} 22. Qb2 Rad8 23. Qb5 Qxb5 24.
Nxb5 $14 {with a slightly unpleasant endgame for Black: a7 is hanging, and Nc7
is a threat as well.}) 22... Ne5 23. Nb5 Nd3 {[#]} 24. Bc7 (24. Nc7 {doesn't
quite work due to} Red8 25. Nxa8 $4 (25. Bg3 $142 Rac8 $15) 25... Rxd6 $19 26.
Qg4 Bxg2 $1 27. Qc8+ Rd8 28. Qxc4 Qg5 29. Qc7 Bc6+ 30. Qg3 Qd5 31. f3 Rxa8 $19)
24... Qa6 $2 {Played too quickly.} (24... b6 {was totally fine for Black after}
25. Nd6 Re6) 25. Bg3 $1 {I completely missed this move! White is now
threatening the unstoppable Nc7, winning an exchange.} (25. Nd6 Re6 {is what I
was counting on.} (25... Bxg2 {is interesting, but doesn't quite work after}
26. Nxe8 Rxe8 27. Kxg2 Qc6+ 28. Qf3 Qxc7 29. Rab1 {with an equal position.}))
25... Qf6 {[#] Luckily, the exchange sacrifice gives me enough compensation.}
26. Qg4 (26. Nc7 Qxc3 27. Nxa8 Rxa8 28. f3 Bc6 29. e4 {is around equal, but I
expected him to go for it.}) 26... Bc6 27. Nd6 (27. Nc7 {doesn't work so well
anymore after} Re4) (27. Qxc4 $4 Nb2 $19 {wins the exchange.}) 27... Re6 28.
Nxc4 Re4 29. Qe2 Rxc4 30. Qxd3 Rxa4 31. Rxa4 {[#] In this position, Ivanchuk
offered me a draw! But I really wanted to win this game, and I thought my
position had a lot of potential.} Bxa4 32. Ra1 Rd8 33. Qc4 Bc6 34. Qh4 $6 {
This Queen trade is in my favour, since White's pieces will be uncoordinated.}
(34. h3 {is a more stable move, keeping the Queens on the board.}) 34... Qxh4
35. Bxh4 Rd3 36. h3 a6 {[#] This outside passed pawn gives me great winning
chances in the long run. My Bishop is also perfectly positioned, while my Rook
is already very active.} 37. Ra3 f6 38. Bg3 Kf7 39. Bc7 Ke6 40. Bb6 Kd5 41. Bd4
Rd1+ {Forcing the King away.} 42. Kh2 Kc4 43. f3 Rb1 44. e4 {[#]} Kb5 (44...
Rb3 45. Ra1 Rxc3 {was an interesting sacrifice which I initially intended to
play.} 46. Bxc3 Kxc3 47. Kg3 Kb2 48. Ra5 {is the move I missed at first!} (48.
Re1 $2 a5 {wins for Black.}) 48... Bb5 $2 (48... Kb3 $142 $11) 49. f4 $1 {
and White now win, e.g.} b6 50. Rxb5+ $1 axb5 51. e5 {and White is faster.})
45. e5 fxe5 46. Bxe5 g6 47. Bc7 Bd5 48. Ra5+ Kc4 49. Be5 Rb5 50. Rxb5 (50. Ra1
Bxf3 {also leads to a winning endgame.}) 50... Kxb5 51. Kg3 Kc4 {[#] I thought
this endgame should be winning, but my opponent seemed quite confident after
the Rook trade, and I started having some doubts.} 52. Kf2 (52. Kf4 Kd3 $1 {
blocks off White's King.}) 52... Kd3 53. Bc7 {Necessary, otherwise it will
become impossible to stop the pawns.} (53. Ke1 Kc2 {also cuts off the King.})
53... Kxc3 54. Bb6 {I completely missed this idea when we traded Rooks, and I
started thinking that this might be a draw.} (54. Ke3 b5 $19 {and the pawns
are quickly rolling down the board.}) 54... Kb4 55. Ke3 {[#]} Kb5 {I wasn't
sure how to win, since this King retreat gives White a lot of time to bring
their own King.} 56. Bd8 Kc4 ({editor - Ivanchuk is playing on because it's
easy for Black to throw away the win; e.g.} 56... Kc5 57. Kd3 b5 $4 {[%mdl
32768]} (57... Kb4 $1 $19) 58. Be7+ $8 {and it's a draw!} Kc6 59. Kd4 $1 a5 60.
Bd8 a4 61. Be7 $11) 57. Bb6 Be6 58. h4 Kb5 59. Bd8 {[#]} Kb4 {Shuffling around
to gain time while thinking about a winning approach.} (59... b6 {might seem
logical to start pushing pawns, but this allows White to blockade everything.}
60. Kd4 a5 61. Kc3 {And Black can never really make progress!} Ka6 62. Kd4 b5
63. g4 b4 64. Kc5 $1 b3 65. Bf6 {and Black can no longer make any progress.})
60. Be7+ $2 {This move allows me to win instantly, as White cannot prevent ...
b5 anymore.} (60. Bb6 {is still losing, but it forces me to come up with a
winning plan.} a5 61. Kd3 a4 62. Kc2 a3 63. Kb1 Kb3 64. Ka1 {Analysis Diagram 
[#] From a distance, I couldn't find a way to make progress here. As it turns
out, I can simply play waiting moves and force White into a zugzwang, where
they have to move their Bishop!} Bc4 65. Kb1 Bd3+ 66. Ka1 Bf1 67. g3 Bg2 68. f4
Bh3 {zugzwang!} 69. Bc5 b5 $19 {and the pawns are coming in.}) 60... Kc4 61.
Bd8 b5 {White simply cannot stop the pawns!   Certainly one of the most
memorable games of my career. Growing up watching Ivanchuk's games, I never
imagined faceing him in a tournament game, let alone beating him!} 0-1

[Event "Pan-American Team Championships"]
[Site "?"]
[Date "2024.01.05"]
[Round "3"]
[White "Rodrigue-Lemieux, Shawn"]
[Black "Bharathakoti, Harsha"]
[Result "1-0"]
[WhiteElo "2502"]
[BlackElo "2565"]
[Annotator "Shawn Rodrigue-Lemieux"]
[PlyCount "97"]
[EventDate "2024.??.??"]
[SourceTitle "Chess Canada '24.08"]
[Source "CFC/John Upper"]
[SourceDate "2024.08.27"]
[SourceVersion "1"]
[SourceVersionDate "2024.08.21"]
[SourceQuality "1"]

{[%mdl 32768][%evp 0,97,25,16,58,64,59,37,73,22,45,41,39,31,47,47,44,42,34,20,
16,13,44,-1,-12,-13,-3,-17,-11,-12,0,-14,-13,-26,-18,-52,-48,-36,-24,-43,-31,
-46,-25,-31,-28,-37,-27,-8,-13,-34,-34,-28,-32,-14,-16,-16,5,8,15,18,0,16,18,0,
19,21,15,15,40,56,57,81,58,61,78,89,124,126,148,133,131,102,151,133,151,173,
195,195,289,288,288,324,367,376,387,396,434,531,29993,29994] This game was
played during the Pan-American University Championship, which determines which
4 schools will fight for the National Championship later in the year. I was
playing for the University of Texas at Rio Grande Valley, which is right next
to the Mexican border. I just finished my first of four years, as I'm doing a
bachelors in biomedical sciences.} 1. e4 c5 2. Nf3 Nc6 3. Bb5 g6 4. Bxc6 dxc6
5. d3 Bg7 6. h3 {[#] A strategic opening, where both sides slowly carry out
their plans.} Qc7 7. Nc3 e5 8. Be3 b6 9. a4 a5 {[#]} 10. Nd2 (10. Qd2 {was
most likely the best idea. The plan is to meet} Ne7 ({or} 10... Nf6 11. Bh6) {
with} 11. Bh6 {trading off Black's Bishop pair. f4 is also one of the main
ideas, with the support of Qd2.}) 10... Nf6 11. Nc4 {This looks like a nice
square, but the Knight is in fact vulnerable. It was much more practical to
simply put the Knight on h2 to prepare f4!} Be6 12. Qd2 Nh5 {This strong move
makes f4 much harder to achieve.} 13. b3 (13. Bh6 {is also less efficient now
because of} Bxh6 14. Qxh6 Bxc4 15. dxc4 O-O-O {with a great position for Black.
}) 13... Nf4 14. f3 h5 15. g3 Bxc4 16. bxc4 Ne6 17. Ne2 {[#] This position is
slightly passive for White, but it's also very solid. It's not easy for Black
to breakthrough.} f5 {The only way to create play.} 18. Rb1 O-O 19. O-O f4 20.
Bf2 Bh6 ({Black should probably open up the kingside with} 20... fxg3 21. Bxg3
Rf7 {with heavy pressure on the f-file.} 22. Kg2 Raf8 23. Qe3 {is solid for
White, but Black clearly has the upper hand.}) 21. Kg2 Bg5 {Threatening ...
fxg3 now that the Bishop is defended.} 22. g4 {[#] It now becomes much more
difficult for Black to open the position and create chances.} hxg4 $6 {There
is no reason for Black to release the tension so early!} ({It was more logical
to keep the pressure and prepare an eventual ...hxg4 with} 22... Bf6 23. Rh1
Rf7 24. Rh2 Rh7) 23. hxg4 Kg7 24. Qc3 Rh8 25. Qb2 Rab8 26. Rh1 Rxh1 27. Rxh1
Bf6 28. Rb1 {[#]} Nd4 {This move seems natural, but it somehow gives White
chances.} (28... Be7 29. Be1 Bd6 {was safer for Black, and the game should end
in a draw soon. Neither side can make progress.}) 29. Nxd4 exd4 (29... cxd4 30.
Be1 {is dangerous, since it's difficult to stop Bxa5.} Qa7 {runs into} 31. c3 {
and Black has tough questions to answer.}) 30. Be1 Be5 31. Bh4 $1 {[%mdl 32832]
[#]  Critical Position With the idea of Bg5 and Rh1. Suddenly, Black isn't so
comfortable anymore.} Bf6 $2 {A losing mistake! Black trades Bishops under bad
circumstances.} (31... Kh6 $1 $11 {was the best defensive move, since Black
will now play ...g5 himself.} 32. Rh1 g5 33. Bf2+ Kg6 {and White won't be able
to make any progress.}) 32. Bxf6+ Kxf6 33. Rh1 Kg7 {Black has to spend a lot
of time to occupy the h-file. White can use this time to maneuver the Queen.}
34. Qb1 Rh8 35. Rxh8 Kxh8 36. Qh1+ Kg7 {[#]} 37. Qh4 $2 (37. g5 $1 {would've
been much stronger! This gives White a strong threat with Qh6, and it also
opens the h3-c8 diagonal.} Kg8 38. Qh3 {and White will infiltrate, since Black
cannot control c8, d7, and e6 at once.   editor - Exactly right! If the black
Q controlled these squares (from e8) White would have no advantage at all.})
37... b5 $2 (37... Qd6 $1 {was the only move to maintain the balance.} 38. g5 {
is now met with} b5 $1 {creating just enough counterplay after} 39. cxb5 cxb5
40. axb5 a4 41. b6 Qxb6 42. Qxf4 a3 $11) 38. cxb5 cxb5 39. axb5 a4 {[%mdl 4160]
[#]Critical Position} 40. b6 $8 {The key! Black has to either allow this
dangerous pawn to remain on the board, or allow the Queen to infiltrate and
pick up a4.} Qxb6 (40... Qd6 41. Qg5 (41. b7 a3 42. g5 a2 43. Qh6+ Kg8 44.
b8=Q+ Qxb8 45. Qxg6+ Kh8 46. Qh6+ Kg8 47. Qe6+ Kh8 48. Qxa2 {also wins.}) 41...
a3 42. e5 Qxb6 (42... Qf8 43. Qf6+ Qxf6 44. exf6+ Kxf6 45. b7 a2 46. b8=Q a1=Q
47. Qxf4+ {with a winning advantage.}) 43. Qe7+ $8 Kh6 44. Qf8+ Kh7 45. Qf7+
Kh6 46. e6 a2 47. Qxf4+ Kg7 48. Qf7+ Kh6 49. e7 a1=Q 50. e8=Q $18 {and Black
has no checks!}) 41. Qe7+ Kg8 (41... Kh6 {loses to} 42. g5+ Kh5 43. Kh3 $1 {
and Black cannot stop White's checkmating threat:} a3 44. Qh7+ Kxg5 45. Qh4#)
42. Qe8+ Kg7 43. Qxa4 {[#] White is now up a pawn and has a safer King.} Qb1
44. Qa7+ Kh6 45. Qxc5 Qc1 {Trying to create counterplay, but it's not enough.
Black is losing too many pawns.} 46. Qxd4 Qxc2+ 47. Kh3 Kh7 48. Qd7+ Kh6 49.
g5+ {Forces checkmate:} (49. g5+ Kxg5 50. Qd8+ Kh6 51. Qh8+ Kg5 52. Qh4#) 1-0